| 000 | 00390nam a2200145 i 4500 | ||
|---|---|---|---|
| 001 | bg | ||
| 100 | 1 | _aŁOMNICKI, Stanisław | |
| 245 | 0 |
_aTechnologia budowy i montażu aparatury chemicznej / _cStanisław Łomnicki, Edward Gierek. |
|
| 260 |
_aKraków, _c1980. |
||
| 700 | 1 | _aGIEREK, Edward | |
| 040 | _cBPK | ||
| 041 | _apol | ||
| 942 | _cKS | ||
| 008 | s pl f |000 0 pol | ||
| 999 |
_c20338 _d20338 |
||
| 856 |
_uhttp://koha.tu.koszalin.pl/cgi-bin/koha/opac-detail.pl?biblionumber=20338 _yKatalog online BPK |
||